| 000 | 02013nam a22002777a 4500 | ||
|---|---|---|---|
| 003 | URS | ||
| 005 | 20240416181808.0 | ||
| 008 | 240307b |||||||| |||| 00| 0 eng d | ||
| 050 | 0 | 0 |
_aLG 221.R59 Ef365 _b2013 |
| 100 |
_aCatugda, Philip P. _eResearcher |
||
| 245 |
_aEFFECTIVNESS OF OPERATION MANAGEMEN OF SELECTED JUNKSHOPS IN RODRIGUEZ, RIZAL _cChristopher Q. Esula; Benedict Joseph Y. Ocampo; Jaspher M. Regalario |
||
| 264 | 1 | _c2013 | |
| 300 |
_aix, 61 leaves _billustrations _c`28 cm |
||
| 336 |
_2rdacontent _atext |
||
| 337 |
_2rdamedia _aunmediated |
||
| 338 |
_2rdacarrier _avolume |
||
| 502 |
_aUndergraduate Thesis _bBachelor of Science in Business Administration Major in Marketing Management _cUniversity of Rizal Systems, Rodriguez, Rizal _d2013 |
||
| 520 | _aThe study was undertaken to determine the Effectiveness of Operation Management in Selected junkshops in Rodriguez, Rizal, the importance of it why was being studied. These also provide information to those junkshop operators on how to manage their business carefully and how to operate it to become successful. And it gives an idea, if what of operation they used in operation junkshop business. It was conducted during the first semester of school year 2011- 2012 . The respondents of the study were the thirty (30) selected junkshop operators in Rodriguez, Rizal. This study utilized the Descriptive method in describing operation as perceived by the junkshop operators. The descriptive method of the research is a fact-finding study with adequate and accurate interpretation of objectives It utilized Questionnaire checklist as a data gathering instrument. | ||
| 650 | _2Effectiveness of Operation Management | ||
| 700 |
_aChristopher Q. Esula _eResearcher |
||
| 700 |
_aBenedict Joseph Y. Ocampo _eResearcher |
||
| 700 |
_aBenedict Joseph Y. Ocampo _eResearcher |
||
| 700 |
_aHector R. Rubiales II _eAdviser |
||
| 856 |
_3Online Request for Student Unpublished Works _uhttps://forms.gle/7LqvGGkaDrUQqz429 |
||
| 942 |
_2lcc _cT |
||
| 999 |
_c77921 _d77920 |
||